000 00647nam a22001937a 4500
003 OSt
005 20250819061107.0
008 250819b |||||||| |||| 00| 0 eng d
020 _a0-323-02561-X.
040 _cOC
082 _aCirc. 610.73 N937 2004
245 _aNursing diagnosis handbook :
_ba guide to planning care
260 _aSt. Louis :
_bMosby,
_cc2004.
300 _axvii, 1099 pages :
_billustration ;
_c23 cm.
650 _2Nursing diagnosis-Handbooks, manual, etc.
700 _aBetty Ackley
700 _aGail Ladwig
942 _2ddc
_cBK-CIRC
_e6th edition
_hCirc. 610.73 N937 2004
_kCirc.
_n0
999 _c4073
_d4073